Ecology and equity : (Record no. 4405)
[ view plain ]
| 000 -LEADER | |
|---|---|
| fixed length control field | 01918nam a22002177a 4500 |
| 003 - CONTROL NUMBER IDENTIFIER | |
| control field | OSt |
| 005 - DATE AND TIME OF LATEST TRANSACTION | |
| control field | 20260313091811.0 |
| 008 - FIXED-LENGTH DATA ELEMENTS--GENERAL INFORMATION | |
| fixed length control field | 260313b |||||||| |||| 00| 0 eng d |
| 020 ## - INTERNATIONAL STANDARD BOOK NUMBER | |
| International Standard Book Number | 9780415125239 |
| 040 ## - CATALOGING SOURCE | |
| Original cataloging agency | DLC |
| Language of cataloging | en |
| Transcribing agency | DLC |
| 050 ## - DUCE LIBRARY CALL NUMBER | |
| Classification number | DUCE GE160.I4 G33 |
| 100 ## - AUTHOR | |
| Personal name | Gadgil, Madhav |
| Fuller form of name | Madhav Gadgil |
| 245 ## - TITLE STATEMENT | |
| Title | Ecology and equity : |
| Remainder of title | the use and abuse of nature in contemporary India/ |
| Statement of responsibility, etc. | By Madhav Gadgil and Ramachandra Guha |
| 260 ## - PUBLISHER | |
| Place of publication | London: |
| Name of publisher | Routledge, |
| Date of publication | 1995. |
| 300 ## - PHYSICAL DESCRIPTION | |
| Volume, Pages | xi, 213 p. : |
| Other physical details | ill. ; |
| Dimensions | 24 cm. |
| 500 ## - GENERAL NOTE | |
| General note | Includes bibliographical references and index |
| 520 ## - ABSTRACT | |
| Summary, etc. | The book examines how environmental resources in contemporary India are used, controlled, and often exploited, and how this process is closely tied to issues of social justice and inequality. Gadgil and Guha argue that environmental degradation is not only an ecological problem but also a social and political one. They show that the benefits of natural resource use—such as forests, water, and minerals—are often captured by powerful groups, including industries, urban populations, and the state, while the costs are disproportionately borne by rural communities, tribal groups, and the poor.<br/><br/>Through historical analysis and case studies, the authors demonstrate how development policies and large-scale projects have led to deforestation, displacement, and the marginalization of communities that traditionally depended on local ecosystems. The book highlights conflicts between conservation efforts, economic development, and the livelihoods of local people, emphasizing that environmental management must incorporate both ecological sustainability and social equity |
| Uniform Resource Identifier | <a href="http://172.20.27.22:4000/handle/123456789/133">http://172.20.27.22:4000/handle/123456789/133</a> |
| 700 ## - OTHER AUTHOR(S)/ EDITOR(S) | |
| Personal name | Guha, Ramachandra |
| Relator term | Contributor |
| Fuller form of name | Ramachandra Guha |
| 856 ## - ELECTRONIC LOCATION AND ACCESS | |
| Link text | http://172.20.27.22:4000/handle/123456789/133 |
| Uniform Resource Identifier | <a href="http://172.20.27.22:4000/handle/123456789/133">http://172.20.27.22:4000/handle/123456789/133</a> |
| 942 ## - ADDED ENTRY ELEMENTS (KOHA) | |
| Source of classification or shelving scheme | Library of Congress Classification |
| Koha item type | Books |
| Suppress in OPAC | No |
| Withdrawn status | Lost status | Source of classification or shelving scheme | Damaged status | Not for loan | Home library | Current library | Shelving location | Date acquired | Total checkouts | Full call number | Date last seen | Price effective from | Koha item type |
|---|---|---|---|---|---|---|---|---|---|---|---|---|---|
| Library of Congress Classification | DUCE LIBRARY | DUCE LIBRARY | Humanities: Shelf GE105. B64 – HB2126. K4046 | 03/13/2026 | DUCE GE160.I4 G33 | 03/13/2026 | 03/13/2026 | Books |